Biblioteca

Los Mitos Egipcios : tras los grandes Enigmas / Walter Beltz ; traducción por Carlos Forte (Registro nro. 44617)

Detalles MARC
000 -LÍDER
Campo fijo de descripción fija 011100000a22002410004500
020 ## - NÚMERO INTERNACIONAL NORMALIZADO PARA LIBROS
Número Internacional Normalizado del libro 950-03-7164-2
041 0# - CÓDIGO DE IDIOMA
Código de idioma para texto/pista de sonido o título separado
082 04 - NÚMERO DE CLASIFICACIÓN DECIMAL DEWEY
Número de clasificación G 299.31 B4539m
001 - NÚMERO DE CONTROL
Campo de control 18138
100 1# - ASIENTO PRINCIPAL--NOMBRE PERSONAL
Nombre personal Beltz, Walter
245 10 - TÍTULO
Título del Material Los Mitos Egipcios : tras los grandes Enigmas / Walter Beltz ; traducción por Carlos Forte
250 ## - MENCIÓN DE EDICIÓN
Mención de edición 2
260 ## - PUBLICACIÓN, DISTRIBUCIÓN, ETC. (PIE DE IMPRENTA)
Lugar de publicación, distribución, etc. Buenos Aires : Losada
300 ## - DESCRIPCIÓN FÍSICA
Extensión 206 p.
336 ## - CONTENT TYPE
Content type term texto
Content type code txt
Source rdacontent
337 ## - MEDIA TYPE
Source rdamedia
Media type term sin mediación
Media type code n
338 ## - CARRIER TYPE
Source rdacarrier
Carrier type term volumen
Carrier type code nc
500 ## - NOTA GENERAL
Nota General Título original en inglés: Die Myten de Agypter
501 ## - NOTA DE “CON”
Nota de Contenido rústico
505 00 - NOTA DE CONTENIDO
Nota de contenido con formato preestablecido La formación del mundo - La llegada de los dioses - La creación de los hombres - El combate de los dioses - Del surgimiento de la cultura - La llegada del reinado - Los grandes dioses - Las grandes diosas - Animales sagrados - De la duda - Viaje a la salvación eterna - Para proseguir la obra de la mitología egipcia - Cuadro cronólogico - Vocabulario - Selección de la mas reciente biografía en lengua alemana
650 14 - ASIENTO SECUNDARIO DE MATERIA - TERMINO TEMÁTICO
Término temático o nombre geográfico como elemento de entrada MITOLOGIA - EGIPTO \ CIVILIZACION EGIPCIA - MITOLOGIA
942 ## - TIPO DE MATERIAL (KOHA)
Tipo de Item KOHA Libros General
Existencias
Estado de Material Estado de Perdido Estado de Dañado No para Préstamo Colección Tomo Biblioteca de Origen Biblioteca Permanente Fecha de Adquisición Total de Préstamos Signatura Topográfica Código de Barras Última vez visto Última vez Préstado Ejemplar/Existencia Fecha de Remplazo Tipo de Material
        Colección General   Biblioteca FUSBC Biblioteca FUSBC 15/03/2014 1 G 299.31 B4539m 18112 16/11/2024 06/11/2024 1 26/01/2016 Libros General

Biblioteca FUSBC | Teléfono: (57+4) 349 88 10 Ext. 141| WhatsApp (+57) 3005338115 
E-mail: biblioteca@unisbc.edu.co | Calle 76 87-14 Robledo Palenque, Medellín, Colombia

Con tecnología Koha